| 000 | 00446nam a22001697a 4500 | ||
|---|---|---|---|
| 003 | MPLRDC | ||
| 005 | 20220104124631.0 | ||
| 008 | 210129b ||||| |||| 00| 0 eng d | ||
| 082 | _a308.9 HHBS v.7 c.2 | ||
| 100 | _a林阳等编 | ||
| 245 |
_a动物世界探险 _c |
||
| 260 |
_a _b中国连环画出版社 _c |
||
| 300 | _b平 | ||
| 490 | _a哈哈博士科学连环画库 | ||
| 650 | _a儿童用科学丛书 | ||
| 942 |
_cBK _o308.9 HHBS v.7 c.2 |
||
| 999 |
_c20912 _d20902 |
||